[Event "Ruhrgebiet Verbandsklasse Gruppe 3 1819"]
[Site "Nordrheinwestfalen"]
[Date "2018.11.04"]
[Round "3.4"]
[White "Schlueter, Christoph"]
[Black "Reisberg, Andre"]
[Result "1/2-1/2"]
[WhiteElo "1963"]
[BlackElo "1994"]
[PlyCount "23"]
[EventDate "2018.09.23"]
[EventType "team-tourn"]
[EventRounds "9"]
[EventCountry "GER"]
[SourceTitle "EXT 2022"]
[Source "ChessBase"]
[SourceDate "2021.10.06"]
[SourceVersion "1"]
[SourceVersionDate "2021.10.06"]
[SourceQuality "1"]
[WhiteTeam "Kirchhellen SF"]
[BlackTeam "Brackel SF IV"]
[WhiteTeamCountry "GER"]
[BlackTeamCountry "GER"]

1. e4 e6 2. d4 d5 3. exd5 exd5 4. Nf3 Bg4 5. Be2 Bd6 6. 0-0 Ne7 7. Nc3 c6 8. Ne5 Bxe2 9. Nxe2 Bxe5 10. dxe5 Ng6 11. Re1 0-0 12. Nf4 1/2-1/2

[Event "Ruhrgebiet Verbandsliga Gruppe 2 1516"]
[Site "Germany"]
[Date "2016.02.21"]
[Round "7.2"]
[White "Gelashvili, George"]
[Black "Reisberg, Andre"]
[Result "1-0"]
[WhiteElo "2110"]
[BlackElo "1970"]
[PlyCount "111"]
[EventDate "2015.09.06"]
[EventType "team-tourn"]
[EventRounds "9"]
[EventCountry "GER"]
[SourceTitle "EXT 2022"]
[Source "ChessBase"]
[SourceDate "2021.10.06"]
[SourceVersion "1"]
[SourceVersionDate "2021.10.06"]
[SourceQuality "1"]
[WhiteTeam "Hamm SV"]
[BlackTeam "Brackel SF II"]
[WhiteTeamCountry "GER"]
[BlackTeamCountry "GER"]

1. Nf3 d5 2. g3 Nf6 3. Bg2 c6 4. b3 Bf5 5. Bb2 e6 6. d3 h6 7. Nbd2 Be7 8. 0-0 0-0 9. c4 a5 10. a3 Na6 11. Qc2 Bh7 12. Ne5 Rc8 13. Rac1 Bc5 14. Qb1 Nd7 15. Nxd7 Qxd7 16. Bh3 Rfe8 17. Nf3 b5 18. Qa1 Bf8 19. Ne5 Qb7 20. Bd4 Nc5 21. Qc3 bxc4 22. Bxc5 Bxc5 23. bxc4 Qa7 24. cxd5 cxd5 25. d4 f6 26. Nd3 Bxd4 27. Qxc8 Rxc8 28. Rxc8+ Kf7 29. Rfc1 Bb6 30. Nc5 Bf5 31. Bxf5 exf5 32. Nd3 Qe7 33. Nf4 Qe5 34. R8c2 g5 35. Nd3 Qd4 36. Rb1 f4 37. Rc6 Ba7 38. Rb7+ Kg6 39. Rcc7 f3 40. Rg7+ Kf5 41. exf3 Qxd3 42. Rxa7 Qxa3 43. Kg2 Ke5 44. Ra6 h5 45. h3 Qc3 46. Re7+ Kf5 47. Re3 Qb4 48. g4+ hxg4 49. hxg4+ Kg6 50. Ra7 Qf8 51. Ree7 a4 52. Red7 a3 53. Rxd5 Qg8 54. Rda5 Qf8 55. Rxa3 Qg8 56. R3a5 1-0

[Event "GER-ch U25 op-A"]
[Site "Willingen"]
[Date "2015.05.27"]
[Round "6"]
[White "Schnabel, Bennett"]
[Black "Reisberg, Andre"]
[Result "1/2-1/2"]
[WhiteElo "1889"]
[BlackElo "1992"]
[PlyCount "83"]
[EventDate "2015.05.24"]
[EventType "swiss"]
[EventRounds "9"]
[EventCountry "GER"]
[SourceTitle "CBM 166 Extra"]
[Source "ChessBase"]
[SourceDate "2015.06.18"]
[SourceVersion "1"]
[SourceVersionDate "2015.06.18"]
[SourceQuality "1"]

1. e4 e6 2. d4 d5 3. Nd2 c5 4. exd5 Qxd5 5. Ngf3 cxd4 6. Nb3 Nc6 7. Nbxd4 Nxd4 8. Qxd4 Nf6 9. Qxd5 Nxd5 10. Bc4 Nb6 11. Bb3 Bc5 12. 0-0 Bd7 13. Bf4 Bc6 14. Ne5 Bd5 15. Bxd5 Nxd5 16. Bg3 h5 17. Nd3 Be7 18. Be5 0-0 19. c3 Rfd8 20. Rad1 Rac8 21. Nf4 Nxf4 22. Bxf4 Bf6 23. Be3 b6 24. Rfe1 Kf8 25. Kf1 Ke7 26. Ke2 Rd6 27. Rxd6 Kxd6 28. Rd1+ Kc6 29. Kf3 Rd8 30. Rxd8 Bxd8 31. c4 Bf6 32. b3 Bc3 33. Ke4 f5+ 34. Kd3 Bf6 35. a4 e5 36. f3 a5 37. Bf2 g6 38. h3 Bg5 39. Bg3 Bf6 40. Bf2 Bg5 41. Bg3 Bf6 42. Bf2 1/2-1/2

[Event "GER-ch U25 op-A"]
[Site "Willingen"]
[Date "2015.05.26"]
[Round "4"]
[White "Wenninger, Philipp"]
[Black "Reisberg, Andre"]
[Result "1-0"]
[WhiteElo "2259"]
[BlackElo "1992"]
[PlyCount "77"]
[EventDate "2015.05.24"]
[EventType "swiss"]
[EventRounds "9"]
[EventCountry "GER"]
[SourceTitle "CBM 166 Extra"]
[Source "ChessBase"]
[SourceDate "2015.06.18"]
[SourceVersion "1"]
[SourceVersionDate "2015.06.18"]
[SourceQuality "1"]

1. d4 d5 2. c4 e6 3. Nf3 c6 4. g3 Nf6 5. Bg2 Nbd7 6. 0-0 Bd6 7. Nc3 0-0 8. Nd2 Bb8 9. e4 dxc4 10. Nxc4 e5 11. d5 Nb6 12. b3 Nxc4 13. bxc4 Bd6 14. Qb3 Qe7 15. h3 Nd7 16. Na4 Nc5 17. Nxc5 Bxc5 18. Be3 Bxe3 19. Qxe3 c5 20. f4 b6 21. Rac1 f6 22. Kh2 Bd7 23. Rf2 Rab8 24. Bf1 Qd6 25. f5 Rfc8 26. Rb2 Rb7 27. Rcb1 Rcb8 28. Bd3 a6 29. Qe2 Qc7 30. g4 h6 31. h4 Qd6 32. Kh1 Kh7 33. g5 Rg8 34. Rg1 Qf8 35. Qf3 Rb8 36. Rbg2 Qe7 37. Rg3 Rbf8 38. Qg2 h5 39. g6+ 1-0

[Event "Magdeburg op-A"]
[Site "Magdeburg"]
[Date "2014.06.09"]
[Round "3"]
[White "Reisberg, Andre"]
[Black "Biefel, Christian"]
[Result "1-0"]
[WhiteElo "1993"]
[BlackElo "1786"]
[PlyCount "103"]
[EventDate "2014.06.08"]
[EventType "swiss"]
[EventRounds "9"]
[EventCountry "GER"]
[SourceTitle "CBM 160 Extra"]
[Source "ChessBase"]
[SourceDate "2014.07.01"]
[SourceVersion "1"]
[SourceVersionDate "2014.07.01"]
[SourceQuality "1"]

1. d4 Nf6 2. c4 g6 3. Nc3 Bg7 4. e4 d6 5. Nf3 0-0 6. Be2 e5 7. 0-0 Nc6 8. d5 Ne7 9. Ne1 Nd7 10. Be3 f5 11. f3 f4 12. Bf2 g5 13. Rc1 Ng6 14. c5 Nxc5 15. b4 Na6 16. a4 Rf7 17. Nb5 Bd7 18. Nxa7 Bf8 19. Qc2 Nxb4 20. Qb3 Na6 21. Qxb7 Nc5 22. Bxc5 dxc5 23. d6 Be6 24. Nc6 Qc8 25. Qxc8 Rxc8 26. Rxc5 cxd6 27. Rc2 Rfc7 28. Bb5 d5 29. Nd3 dxe4 30. fxe4 Ra8 31. Nc5 Bd7 32. Nxd7 Rxd7 33. a5 Rc7 34. a6 Ne7 35. Rfc1 Nc8 36. Nxe5 Rxc2 37. Rxc2 Na7 38. Bd7 Bd6 39. Nf3 h6 40. e5 Bb4 41. h3 Ba5 42. Kf1 Rd8 43. e6 Kf8 44. Ne5 Ke7 45. Ng6+ Kf6 46. e7 Kxg6 47. exd8Q Bxd8 48. Rb2 Be7 49. Rb6+ Bf6 50. Ke2 Kg7 51. Kd3 g4 52. Bxg4 1-0

[Event "GER-chT U20"]
[Site "Osnabrueck"]
[Date "2013.12.28"]
[Round "3.2"]
[White "Beeck, Mats"]
[Black "Reisberg, Andre"]
[Result "1/2-1/2"]
[WhiteElo "1932"]
[BlackElo "1969"]
[PlyCount "57"]
[EventDate "2013.12.27"]
[EventType "team-swiss"]
[EventRounds "7"]
[EventCountry "GER"]
[SourceTitle "EXT 2015"]
[Source "ChessBase"]
[SourceDate "2014.11.20"]
[SourceVersion "1"]
[SourceVersionDate "2014.11.20"]
[SourceQuality "1"]
[WhiteTeam "Kiel Doppelbauer"]
[BlackTeam "Brackel"]
[WhiteTeamCountry "GER"]
[BlackTeamCountry "GER"]

1. c4 Nf6 2. d4 e6 3. Nf3 d5 4. g3 c6 5. Qc2 Nbd7 6. Bg2 Be7 7. 0-0 0-0 8. Nbd2 b5 9. b3 bxc4 10. bxc4 Ba6 11. Bb2 Rb8 12. Ne5 Nxe5 13. dxe5 Nd7 14. Rab1 Nb6 15. cxd5 cxd5 16. Bf3 Qd7 17. Rfc1 Rfc8 18. Qd1 Bb5 19. Bd4 Ba4 20. Rxc8+ Rxc8 21. Nb3 Nc4 22. e4 Bb4 23. exd5 Nd2 24. Rb2 Nxf3+ 25. Qxf3 exd5 26. Qe3 a6 27. Nc5 Bxc5 28. Bxc5 Bb5 29. Rb1 1/2-1/2

[Event "GER-chT U20"]
[Site "Osnabrueck"]
[Date "2013.12.27"]
[Round "1.2"]
[White "Braun, Georg"]
[Black "Reisberg, Andre"]
[Result "1/2-1/2"]
[WhiteElo "2187"]
[BlackElo "1969"]
[PlyCount "158"]
[EventDate "2013.12.27"]
[EventType "team-swiss"]
[EventRounds "7"]
[EventCountry "GER"]
[SourceTitle "EXT 2015"]
[Source "ChessBase"]
[SourceDate "2014.11.20"]
[SourceVersion "1"]
[SourceVersionDate "2014.11.20"]
[SourceQuality "1"]
[WhiteTeam "Bebenhausen"]
[BlackTeam "Brackel"]
[WhiteTeamCountry "GER"]
[BlackTeamCountry "GER"]

1. e4 e6 2. d4 d5 3. Nc3 Nf6 4. Bg5 Bb4 5. e5 h6 6. Bd2 Bxc3 7. bxc3 Ne4 8. Qg4 Kf8 9. Qf4 c5 10. Bd3 Nxd2 11. Qxd2 c4 12. Be2 b5 13. h4 Nc6 14. h5 a5 15. a3 Qe7 16. Nf3 Ra7 17. 0-0 Ke8 18. g3 Kd8 19. Nh4 Kc7 20. Ng2 Bd7 21. f4 Rb8 22. Ne3 Kc8 23. Kg2 b4 24. axb4 axb4 25. Rxa7 Nxa7 26. cxb4 Qxb4 27. Qxb4 Rxb4 28. f5 exf5 29. Nxd5 Rb2 30. Ne3 Nb5 31. Rd1 Nc3 32. Re1 Nb5 33. d5 Nd4 34. Bxc4 Nxc2 35. Ba6+ Kd8 36. Nxc2 Rxc2+ 37. Re2 Rxe2+ 38. Bxe2 Ke7 39. Bc4 Ba4 40. Kf2 Bd1 41. Be2 Bb3 42. Bf3 f6 43. e6 Kd6 44. Ke3 Ba4 45. Kd4 Bb5 46. Kc3 Kc5 47. Kb3 Be8 48. Kc2 Kd6 49. Kd3 Bb5+ 50. Kd4 Bf1 51. Ke3 Bc4 52. Kd4 Bb5 53. Bd1 Bf1 54. Bf3 Bb5 55. Kc3 Kc5 56. Kd2 Bc4 57. Bg2 Kd6 58. Ke3 Ke5 59. Bf3 Kd6 60. Kf4 Bd3 61. g4 fxg4 62. Kxg4 Ke5 63. Kg3 Kd6 64. Kf4 g5+ 65. hxg6 Bxg6 66. Be4 Be8 67. Kf5 Ke7 68. Bd3 Bh5 69. Bb5 Bf3 70. d6+ Kxd6 71. Kxf6 Bh5 72. e7 Bg6 73. Ba4 h5 74. Bb3 Be8 75. Bf7 Kd7 76. Bc4 Kd6 77. Bf7 Kd7 78. Bb3 Kd6 79. Bf7 Kd7 1/2-1/2

[Event "GER-ch U25 op-A"]
[Site "Oberhof"]
[Date "2013.05.24"]
[Round "8"]
[White "Frischmann, Rick"]
[Black "Reisberg, Andre"]
[Result "1-0"]
[WhiteElo "2254"]
[BlackElo "1975"]
[PlyCount "125"]
[EventDate "2013.05.19"]
[EventType "swiss"]
[EventRounds "9"]
[EventCountry "GER"]
[SourceTitle "CBM 154 Extra"]
[Source "ChessBase"]
[SourceDate "2013.06.25"]
[SourceVersion "2"]
[SourceVersionDate "2013.06.25"]
[SourceQuality "1"]

1. f4 d5 2. b3 Nf6 3. Bb2 Bf5 4. e3 e6 5. Nf3 h6 6. Ne5 Nbd7 7. Be2 c6 8. Bf3 Qc7 9. d3 Nxe5 10. fxe5 Nd7 11. d4 0-0-0 12. Qe2 g5 13. e4 dxe4 14. Bxe4 Bxe4 15. Qxe4 Qa5+ 16. c3 Qd5 17. Nd2 f5 18. exf6 Nxf6 19. Qe2 Bg7 20. 0-0-0 Rde8 21. Rhe1 g4 22. Nc4 h5 23. Qe5 Rd8 24. Qxe6+ Qxe6 25. Rxe6 Ne8 26. Rde1 Bh6+ 27. Kc2 Bf4 28. h3 gxh3 29. gxh3 Bg3 30. R1e3 h4 31. Ba3 Nc7 32. R6e4 Nd5 33. Rf3 Rh7 34. Ne3 Nxe3+ 35. Rexe3 Kc7 36. Be7 Rd7 37. Bg5 Rdg7 38. Bf6 Rg6 39. Kd3 Kd6 40. a4 a6 41. c4 Bh2 42. Be5+ Bxe5 43. c5+ Kd7 44. Rxe5 Rg3 45. Ree3 Rhg7 46. Ke2 Rg2+ 47. Rf2 R2g3 48. Rff3 Rg2+ 49. Kd3 R2g3 50. b4 Rxf3 51. Rxf3 Ke6 52. Ke4 Rg1 53. Rf4 Rb1 54. Rxh4 Rxb4 55. Rh6+ Kf7 56. Ke5 Kg7 57. Rd6 Rb3 58. h4 Re3+ 59. Kf5 Re7 60. h5 Rf7+ 61. Ke6 Rf4 62. Kd7 Rf1 63. Kc8 1-0

[Event "Ruhrgebiet Regionalliga 1213"]
[Site "Nordrheinwestfalen"]
[Date "2013.03.17"]
[Round "7.6"]
[White "Weimer, Eduard"]
[Black "Reisberg, Andre"]
[Result "0-1"]
[WhiteElo "2042"]
[BlackElo "1950"]
[PlyCount "98"]
[EventDate "2012.09.09"]
[EventType "team-tourn"]
[EventRounds "9"]
[EventCountry "GER"]
[SourceTitle "EXT 2020"]
[Source "ChessBase"]
[SourceDate "2019.10.17"]
[SourceVersion "1"]
[SourceVersionDate "2019.10.17"]
[SourceQuality "1"]
[WhiteTeam "Koenigsspringer Hamm"]
[BlackTeam "Brackel SF"]
[WhiteTeamCountry "GER"]
[BlackTeamCountry "GER"]

1. e4 e6 2. d4 d5 3. Nc3 Nf6 4. e5 Nfd7 5. f4 c5 6. Nf3 Nc6 7. Be3 a6 8. a3 b6 9. Be2 Qc7 10. 0-0 cxd4 11. Nxd4 Nxd4 12. Bxd4 Bc5 13. b4 Bxd4+ 14. Qxd4 Bb7 15. Bd3 0-0 16. Rae1 Rac8 17. Rf3 g6 18. Ne2 Nc5 19. g4 Ne4 20. Rh3 Rfe8 21. g5 b5 22. Rh6 Ba8 23. Qe3 Kg7 24. h4 Rb8 25. h5 Qb6 26. Qxb6 Rxb6 27. hxg6 hxg6 28. Bxe4 dxe4 29. Nd4 Rd8 30. c3 Bd5 31. Re3 Rbb8 32. Reh3 Kf8 33. Rh8+ Ke7 34. Rxd8 Rxd8 35. Kf2 Rc8 36. Ke1 Re8 37. Kd2 Kd7 38. Rh7 Re7 39. Nc2 Kc7 40. Ne3 Rd7 41. Nc2 Kb6 42. Ke3 Rc7 43. Kd2 Rd7 44. Nd4 Rc7 45. Kc2 Rd7 46. f5 exf5 47. e6 Re7 48. exf7 Bxf7 49. Nxf5 Bb3+ 0-1